Interpreting in the 21st century : Challenges and opportunities: Selected papers from the 1st Forlì Conference on Interpreting Studies, 9–11 November 2000

Institutional recognition of the importance of interpreting studies is vital. Interpreting staff on short-term contracts rarely have the opportunity to defend and assert the needs of interpreting pedagogy and interpreting research in an academic context which has frequently, hitherto, hoveredbetween...

Full beskrivning

Sparad:
Bibliografiska uppgifter
Materialtyp: Bok
Språk:Undetermined
Publicerad: Amsterdam John Benjamins Publishing Company 2002
Ämnen:
Taggar: Lägg till en tagg
Inga taggar, Lägg till första taggen!
Thư viện lưu trữ: Trung tâm Học liệu Trường Đại học Cần Thơ
LEADER 01127nam a2200193Ia 4500
001 CTU_238763
008 210402s9999 xx 000 0 und d
082 |a 418.03 
082 |b I.61 
245 0 |a Interpreting in the 21st century : 
245 0 |b Challenges and opportunities: Selected papers from the 1st Forlì Conference on Interpreting Studies, 9–11 November 2000 
245 0 |c Edited by Giuliana Garzone, Maurizio Viezzi 
260 |a Amsterdam 
260 |b John Benjamins Publishing Company 
260 |c 2002 
520 |a Institutional recognition of the importance of interpreting studies is vital. Interpreting staff on short-term contracts rarely have the opportunity to defend and assert the needs of interpreting pedagogy and interpreting research in an academic context which has frequently, hitherto, hoveredbetween hostility andindifference in most of Europe. It is comforting to reflect that Italy might well be right out in the orefront in this field. 
650 |a Biên phiên dịch,Translating and interpreting 
910 |b dqhieu 
980 |a Trung tâm Học liệu Trường Đại học Cần Thơ